[Event "Chennai Velammal rapid op"]
[Site "Chennai"]
[Date "2019.11.02"]
[Round "3"]
[White "Suganthan, S."]
[Black "Shyam, Nikil P"]
[Result "0-1"]
[WhiteElo "1621"]
[BlackElo "2413"]
[PlyCount "83"]
[EventDate "2019.11.02"]
[EventType "swiss (rapid)"]
[EventRounds "9"]
[EventCountry "IND"]
[SourceTitle "CBM 192 Extra"]
[Source "Chessbase"]
[SourceDate "2019.11.06"]
[SourceVersion "1"]
[SourceVersionDate "2019.11.06"]
[SourceQuality "1"]

1. e4 g6 2. d4 Bg7 3. Nc3 a6 4. Nf3 d6 5. Be3 b5 6. Bd3 Bb7 7. 0-0 Nd7 8. h3 Ngf6 9. a3 0-0 10. Qd2 c5 11. e5 cxd4 12. Bxd4 dxe5 13. Nxe5 Nxe5 14. Bxe5 Ne4 15. Qf4 Nxc3 16. Bxg7 Qd5 17. f3 Kxg7 18. bxc3 Qc5+ 19. Qd4+ Qxd4+ 20. cxd4 Rfd8 21. c3 Rac8 22. Rfc1 e5 23. a4 bxa4 24. Rxa4 exd4 25. Bxa6 Bxa6 26. Rxa6 dxc3 27. Rc2 Rd2 28. Raa2 Rcd8 29. Kh2 g5 30. Kg3 R8d6 31. Kh2 Kg6 32. Kg3 f6 33. Kh2 R6d5 34. Kg3 Kf5 35. Kh2 Rxc2 36. Rxc2 Rc5 37. Kg1 Ke5 38. Kf2 Kd4 39. Ke2 Ra5 40. Kf2 Kd3 41. Re2 Re5 42. Ra2 0-1

[Event "IND-ch U15"]
[Site "Tiruchengode"]
[Date "2019.07.15"]
[Round "9"]
[White "Suganthan, S."]
[Black "Kushagra, Mohan"]
[Result "0-1"]
[WhiteElo "1740"]
[BlackElo "2250"]
[PlyCount "94"]
[EventDate "2019.07.09"]
[EventType "swiss"]
[EventRounds "11"]
[EventCountry "IND"]
[SourceTitle "EXT 2020"]
[Source "ChessBase"]
[SourceDate "2019.10.17"]
[SourceVersion "1"]
[SourceVersionDate "2019.10.17"]
[SourceQuality "1"]

1. e4 d6 2. d4 Nf6 3. Nc3 g6 4. Be3 c6 5. Qd2 Nbd7 6. h3 b5 7. Bd3 Bg7 8. Nf3 e5 9. 0-0 0-0 10. a4 exd4 11. Nxd4 b4 12. Nce2 c5 13. Nb5 Ne8 14. Bc4 Nb6 15. Bb3 a6 16. a5 axb5 17. axb6 Rxa1 18. Rxa1 Qxb6 19. Qxb4 Qc6 20. Qd2 Qxe4 21. Bd5 Qe7 22. Bg5 Qe5 23. c3 Nf6 24. Bc6 Ne4 25. Bxe4 Qxe4 26. Ng3 Qc6 27. Be7 Bb7 28. f3 Rc8 29. Qxd6 Qxd6 30. Bxd6 b4 31. Ne2 b3 32. Ra7 Bd5 33. Ra5 Bc4 34. Kf2 Re8 35. Nc1 Bxc3 36. Nxb3 Re2+ 37. Kg1 Bxa5 38. Nxa5 Bd5 39. b3 Rc2 40. Be5 Kf8 41. g3 Ke8 42. h4 Kd7 43. Kf1 Ra2 44. Bc3 Kc7 45. g4 Kb6 46. Nc4+ Bxc4+ 47. bxc4 Ra3 0-1

[Event "Sivakasi op 4th"]
[Site "Sivakasi"]
[Date "2018.04.23"]
[Round "5"]
[White "Suganthan, S."]
[Black "Kunal, M."]
[Result "0-1"]
[WhiteElo "1798"]
[BlackElo "2307"]
[PlyCount "112"]
[EventDate "2018.04.21"]
[EventType "swiss"]
[EventRounds "8"]
[EventCountry "IND"]
[SourceTitle "CBM 184 Extra"]
[Source "ChessBase"]
[SourceDate "2018.06.28"]
[SourceVersion "1"]
[SourceVersionDate "2018.06.28"]
[SourceQuality "1"]

1. e4 c6 2. d4 d5 3. f3 dxe4 4. fxe4 e5 5. Nf3 Bg4 6. Bc4 Nd7 7. 0-0 Ngf6 8. c3 b5 9. Bd3 Bd6 10. Be3 0-0 11. Nbd2 Re8 12. h3 Bh5 13. Qc2 Bg6 14. Bg5 Qb6 15. Be3 Qb7 16. b3 Rac8 17. Nh4 exd4 18. Bxd4 c5 19. Bxf6 Nxf6 20. Nf5 Be5 21. Rae1 Qb8 22. c4 b4 23. Nf3 Bc3 24. Rd1 Bxf5 25. exf5 Rcd8 26. Qf2 Qc7 27. Bc2 h6 28. Qh4 a5 29. Rxd8 Rxd8 30. Rd1 Re8 31. Kf1 Qe7 32. Bd3 Rd8 33. Bc2 Rxd1+ 34. Bxd1 Qe3 35. Qf2 Qd3+ 36. Qe2 Qxf5 37. Bc2 Qf4 38. Qd3 g6 39. Qd8+ Kg7 40. Qd3 Nh5 41. g4 Nf6 42. Kg2 Be5 43. Nxe5 Qxe5 44. Qg3 Qxg3+ 45. Kxg3 g5 46. Bf5 Kf8 47. h4 Ke7 48. hxg5 hxg5 49. Kf3 Kd6 50. Ke3 Ke5 51. Bc8 Ne4 52. Bf5 Nc3 53. Kd3 Nxa2 54. Kc2 Kd4 55. Kb2 Nc3 56. Kc2 a4 0-1

[Event "Sivakasi op 4th"]
[Site "Sivakasi"]
[Date "2018.04.22"]
[Round "4"]
[White "Prasannaa, S."]
[Black "Suganthan, S."]
[Result "0-1"]
[WhiteElo "2144"]
[BlackElo "1798"]
[PlyCount "100"]
[EventDate "2018.04.21"]
[EventType "swiss"]
[EventRounds "8"]
[EventCountry "IND"]
[SourceTitle "CBM 184 Extra"]
[Source "ChessBase"]
[SourceDate "2018.06.28"]
[SourceVersion "1"]
[SourceVersionDate "2018.06.28"]
[SourceQuality "1"]

1. Nf3 Nf6 2. c4 c5 3. d4 cxd4 4. Nxd4 e5 5. Nc2 d5 6. cxd5 Qxd5 7. Bd2 Nc6 8. Nc3 Qd8 9. Bg5 Be7 10. Qxd8+ Bxd8 11. Bxf6 Bxf6 12. e3 Be6 13. Bb5 Rc8 14. Nb4 0-0 15. Bxc6 bxc6 16. 0-0-0 Be7 17. Nd3 f6 18. Kc2 c5 19. Nc1 c4 20. N1e2 Rc6 21. Rd2 Rb8 22. Rhd1 Kf7 23. Ng3 Rcb6 24. Kc1 Bb4 25. Nge2 Be7 26. Rc2 f5 27. Nd5 Rxb2 28. Nec3 Ba3 29. Rxb2 Rxb2 30. Nb1 Rxa2+ 31. Nxa3 Rxa3 32. Kb2 Rd3 33. Nc3 Rxd1 34. Nxd1 Bd5 35. g3 e4 36. Kc3 Kf6 37. Kb4 Kg5 38. h3 h5 39. Kb5 h4 40. Ka6 Bf7 41. Kxa7 Bh5 42. Nc3 Bf3 43. Kb6 Bg2 44. gxh4+ Kxh4 45. Kc5 Bf1 46. Kd4 Kxh3 47. Nd5 Kg2 48. Ne7 Kxf2 49. Nxf5 g5 50. Nd6 Bd3 0-1